Statistiques concernant Capitales d'Europe

Cliquez ici pour prendre le quiz!

Statistiques générales

  • Ce quiz a été pris 94 fois
  • Le résultat moyen est 36 sur 45

Statistiques - réponses

HintRéponse% Correct
LuxembourgLuxembourg
96%
FranceParis
96%
ItalieRome
96%
AllemagneBerlin
95%
PortugalLisbonne
95%
Royaume-UniLondres
95%
EspagneMadrid
95%
RussieMoscou
95%
GrèceAthènes
94%
BelgiqueBruxelles
94%
UkraineKiev
94%
MonacoMonaco
94%
SuisseBerne
92%
IralndeDublin
91%
Cité du VaticanVatican
91%
Pays-BasAmsterdam
90%
SuèdeStockholm
90%
AutricheVienne
90%
DanemarkCopenhagu
88%
NorvègeOslo
88%
CroatieZagreb
86%
HongrieBudapest
84%
FinlandeHelsinki
84%
PologneVarsovie
84%
RoumanieBucarest
83%
République tchèquePrague
83%
IslandeReykjavik
83%
Saint-MarinSaint-Marin
83%
AndorreAndorre-la-Vieille
82%
MalteLa Valette
79%
BiélorussieMinsk
77%
BulgarieSofia
74%
LettonieRiga
71%
LituanieVilnius
71%
Bosnie-HerzégovineSarajevo
69%
AlbanieTirana
68%
LiechtensteinVaduz
65%
SerbieBelgrade
62%
SlovénieLjubljana
62%
SlovaquieBratislava
60%
EstonieTalinn
60%
Macédoine du NordSkopje
57%
MoldavieChișinău
51%
KosovoPristina
43%
MonténégroPodgorica
38%

Distribution des résultats

Percentile par nombre de réponses

% des personnes avec chaque résultat

Votre développement - résultats

Vous n’avez pas pris ce quiz